000 01358nam a2200289 c 4500
003 BLK
005 20180420215931.0
008 180413b bul|||||r ||||||| ||bul||
010 _aKNG00027019000
020 _a954-608-033-0
_bиздат.: Труд и право
040 _aBLK
041 _aBUL
_cBUL
080 _aТрудово законодателство. Работническо законодателство. Социално законодателство
_b351.83
_x:368(497.2)(094.9)
_z351.83:368(497.2)(094.9)
139 _aСоциално осигуряване 1999 година
_bС 54
245 1 0 _aСоциално осигуряване 1999 година
_bНормативни актове ; Съдебна практика ; Указания на НОИ ; Приложен коментар
257 _aBGR
260 София
_bТруд и право
_c1999
_fСофия : ПК Д. Благоев
300 _a640 с.
_c21 см
380 _a3
650 4 _aОбществено осигуряване - България - законодателни и директивни материали
_9242702
653 _aобществено осигуряване
852 _aЦб 200059
856 4 _qpdf
_u
856 4 _qpdf
_u
942 _cKNG
_n0
944 _aCR
_c15.01.2003
_kЦветанка_Енчева
944 _aED
_c23.01.2006
_k
999 _c24505
_d24505